panchayats' role in mgnrega and financial inclusion/ (Record no. 193337)
[ view plain ]
| 000 -LEADER | |
|---|---|
| fixed length control field | 00644nam a22001937a 4500 |
| 005 - DATE AND TIME OF LATEST TRANSACTION | |
| control field | 20221213115708.0 |
| 010 ## - LCCN (DPL NO) | |
| LC control number | ENG-135513 |
| 020 ## - INTERNATIONAL STANDARD BOOK NUMBER | |
| International Standard Book Number | 9788185835764 |
| Terms of availability | 395.00 |
| 035 ## - SYSTEM CONTROL NUMBER | |
| System control number | EN-119045 |
| 037 ## - SOURCE OF ACQUISITION | |
| Source of stock number/acquisition | DBAD/PUB |
| 082 ## - DEWEY DECIMAL CLASSIFICATION NUMBER | |
| Classification number | 352.00732 |
| 245 ## - TITLE STATEMENT | |
| Title | panchayats' role in mgnrega and financial inclusion/ |
| Statement of responsibility, etc | Editied by Sher singh sangwan [and] gagan deep |
| 260 ## - PUBLICATION, DISTRIBUTION, ETC. (IMPRINT) | |
| Place of publication, distribution, etc | Chandigarh |
| Date of publication, distribution, etc | 2015 |
| 270 ## - ADDRESS | |
| Address | Centre for research in rural and industrial development |
| City | Chandigarh |
| Postal code | 160019 |
| 300 ## - PHYSICAL DESCRIPTION | |
| Extent | 277p. |
| Dimensions | 24cm(hbk) |
| 700 ## - ADDED ENTRY--PERSONAL NAME | |
| Personal name | Sangwan, sher singh |
| Relator term | editor |
| 700 ## - ADDED ENTRY--PERSONAL NAME | |
| Personal name | Deep, gagan |
| Relator term | editor |
| 942 ## - ADDED ENTRY ELEMENTS (KOHA) | |
| Source of classification or shelving scheme | Dewey Decimal Classification |
| Item type | English Books |
| Call number suffix | PAN |
| Classification part | 352.00732 |
| Withdrawn status | Lost status | Not for loan | Collection code | Home library | Current library | Date acquired | Source of acquisition | Cost, normal purchase price | Full call number | Barcode | Copy number | Cost, replacement price | Koha item type |
|---|---|---|---|---|---|---|---|---|---|---|---|---|---|
| Non-fiction | Andrews Gunj | Andrews Gunj | 01/11/2022 | DBAD/PUB | 395.00 | 352.00732 PAN | EN-119045 | 1 | 395.00 | English Books |
